[Event "FIDE World Cup 2017"]
[Site "Tbilisi"]
[Date "2017.09.08"]
[Round "2.5"]
[White "Hou, Yifan"]
[Black "Aronian, Levon"]
[Result "0-1"]
[WhiteElo "2670"]
[BlackElo "2802"]
[Annotator "TA"]
[PlyCount "110"]
[EventDate "2017.??.??"]
[EventType "k.o."]
[EventCountry "GEO"]
[SourceTitle "playchess.com"]
[Source "ChessBase"]
[SourceQuality "1"]

{[%evp 22,110,41,38,53,56,58,29,30,41,41,27,41,11,7,0,14,-12,-11,-25,-5,-4,10,-12,-14,-8,-8,-38,0,-39,-9,-10,-7,-49,-10,-67,-44,-38,-46,-60,-18,-82,-82,-119,-119,-119,-119,-125,-127,-123,-127,-126,-120,-204,-108,-113,-122,-125,-116,-147,-131,-181,-66,-139,-123,-149,-125,-126,-122,-129,-120,-165,-173,-343,-345,-808,-804,-799,-771,-1533,-1350,-1766,-1760,-29973,-29974,-29974,-29973,-29974,-29974,-29975,-29976]} 1. e4 e5 2. Nf3 Nc6 3. Nc3 Nf6 4. d4 exd4 5. Nxd4 Bb4 6. Nxc6 bxc6 7. Bd3 O-O 8. O-O Re8 9. Bg5 h6 10. Bh4 Rb8 {C47: Scotch Four Knights and Four Knights with 4 g3} 11. f4 Be7 12. b3 {LiveBook: 7 Games} d6 $146 {White is slightly better.} ({Find the theoretical novelty and annotate with similar games:} 12... d5 13. e5 Ng4 14. Bxe7 Qxe7 15. Qd2 f6 16. h3 Qc5+ 17. Kh1 Qe3 18. Qe2 Qxe2 19. Nxe2 fxe5 {1-0 (51) Kravtsiv,M (2621)-Ponomariov,R (2710) Berlin 2015}) 13. Qf3 Nd7 14. Bxe7 Qxe7 15. Rae1 Nc5 16. e5 {Strongly threatening exd6.} Qd8 17. exd6 (17. Qxc6 $2 Bb7 $19) 17... cxd6 18. Rxe8+ ({Avoid the trap} 18. Qxc6 $2 Rxe1 19. Rxe1 Bb7 $19) 18... Qxe8 19. f5 Qe5 20. f6 Qd4+ 21. Rf2 g6 22. Ne2 ({Don't blunder} 22. Qxc6 $2 Bd7 $19) (22. Ne4 $5 {[%cal Re4c5]}) 22... Qa1+ 23. Rf1 Qe5 24. h3 Be6 25. Qf4 (25. Nf4 {is more complex.} Qd4+ 26. Rf2 Nxd3 27. cxd3 Qa1+ 28. Rf1) 25... Qxf4 ({Not} 25... Nxd3 $2 26. Qxh6 Qxf6 27. Rxf6 $18) (25... Kh7 $5 {[%cal Rc5d3]} 26. Qxe5 dxe5 $11) 26. Nxf4 Re8 27. Kh2 Kf8 28. a3 (28. Rd1 $11) 28... g5 29. Nxe6+ Rxe6 $15 {[%mdl 4096] Endgame KRB-KRN} 30. Rf3 d5 31. b4 (31. Kg3 $11) 31... Nd7 $17 32. Bf5 Ne5 $1 {[%cal Re5f3]} 33. Rc3 Rxf6 34. g4 Ke7 35. Rc5 Nc4 36. Bd3 Nxa3 37. Ra5 {[#]} (37. Kg2 $17 {might work better.}) 37... Nb1 (37... Nxc2 $1 $19 {[%mdl 512]} 38. Rxa7+ (38. Bxc2 Rf2+) 38... Ke6) 38. Rxa7+ Kd6 39. Kg2 Nc3 40. Bf5 Nb5 41. Ra6 {[#]} Ke5 ({Black should try} 41... h5 $1 $19 {[%mdl 512]} 42. Bd3 (42. gxh5 Rxf5) 42... Nc7) 42. Bd3 (42. Bd7 $1 $15) 42... Nc3 43. Bf5 Ne4 44. Ra7 Nd6 45. Bd3 Kd4 46. Rc7 Nc4 47. Re7 $2 (47. Kg3 {keeps fighting.}) 47... Kc3 $19 48. Rb7 $2 (48. h4) 48... Ne3+ 49. Kg3 Nxc2 50. Bxc2 Kxc2 {KR-KR} 51. b5 cxb5 52. Rxb5 d4 {[%cal Bd5d4,Bd4d3][%mdl 32] Black mates.} 53. Rc5+ Kd2 54. h4 gxh4+ 55. Kxh4 d3 {Precision: White = 34%, Black = 55%.} 0-1

[Event "FIDE World Cup 2017"]
[Site "Tbilisi"]
[Date "2017.09.08"]
[Round "2.5"]
[White "Motylev, Alexander"]
[Black "Giri, Anish"]
[Result "0-1"]
[WhiteElo "2668"]
[BlackElo "2777"]
[Annotator "TA"]
[PlyCount "102"]
[EventDate "2017.??.??"]
[EventType "k.o."]
[EventCountry "GEO"]
[SourceTitle "playchess.com"]
[Source "ChessBase"]
[SourceQuality "1"]

{[%evp 13,102,22,24,9,19,9,15,9,15,2,24,0,33,-7,32,0,6,-4,-13,-32,-34,-131,-129,-143,-147,-199,-208,-196,-203,-199,-198,-179,-135,-190,-195,-177,-192,-223,-235,-220,-120,-361,-365,-377,-384,-370,-251,-251,-251,-251,-251,-251,-251,-250,-236,-250,-250,-247,0,-127,0,-241,-225,-222,-214,-597,-585,-1146,-1052,-12833,-12833,-12833,-12834,-12834,-6291,-12835,-12835,-12839,-12839,-12839,-12837,-12840,-12840,-12839,-12837,-12839,-12839,-12845,-12843,-12845,-10680]} 1. e4 c5 2. Nf3 d6 3. d4 cxd4 4. Nxd4 Nf6 5. Nc3 a6 6. Bd3 Nbd7 {B90: Sicilian Najdorf: Unusual White 6th moves, 6 Be3 Ng4 and 6 Be3 e5} (6... g6 7. O-O Bg7 8. Kh1 O-O 9. f4 Nc6 10. Nxc6 bxc6 11. f5 a5 12. Qe1 Ba6 13. Qh4 a4 14. Bh6 Bxd3 15. cxd3 Qb6 16. fxg6 hxg6 {1-0 (50) Nepomniachtchi,I (2766)-Giri,A (2764) Leuven 2017}) 7. O-O g6 {LiveBook: 4 Games} 8. Re1 Bg7 {The position is equal.} 9. a4 $146 ({Predecessor:} 9. Bf1 O-O 10. h3 e6 11. Nb3 Qc7 12. Bf4 Ne5 13. Qd2 Rd8 14. Rad1 {1-0 (48) Dgebuadze,A (2521)-Kolbus,D (2355) Germany 2010}) 9... O-O 10. h3 Nc5 11. Bf1 Bd7 12. a5 Re8 13. Bg5 h6 14. Bh4 (14. Bxf6 $5 exf6 15. Qd2 $14) 14... b5 15. b4 Ne6 16. Nxe6 Bxe6 17. Nd5 (17. Rc1 $15) 17... g5 $36 {[%mdl 2048] White is under strong pressure.} 18. Bg3 {[#]} Nxe4 $1 {[%mdl 512]} 19. Rxe4 (19. Ra3 $17 Nxg3 20. Rxg3) 19... Bxd5 $1 $19 ({But not} 19... Bxa1 20. Nb6 $17) 20. Qxd5 Bxa1 21. c4 bxc4 $1 22. Rxc4 e6 23. Qxd6 (23. Qd3 $17) 23... Qxd6 24. Bxd6 Rec8 25. Rxc8+ Rxc8 {[%mdl 4096] Endgame KRB-KB} 26. Bc5 Rc6 (26... Ra8 $1 $19 27. g3 Bc3) 27. Bb6 $2 (27. g3 $17) 27... Rc1 28. b5 axb5 29. a6 {a7 is the strong threat.} Be5 30. a7 Ra1 31. f4 gxf4 32. Kf2 {[#]} b4 $1 {[%cal Rb4b3] Hoping for ...b3.} 33. Bc4 Kg7 34. Ke2 {[#]} Kf6 $1 35. Bd8+ Kg7 (35... Kg6 $19 36. Bb6 Kg5) 36. Bb6 $17 Kf6 (36... Bc3 $17 37. Kd3 Ra3) 37. Bd8+ $1 $19 Kg6 38. Bb6 Bc3 39. Kf3 $2 (39. Bb3 Ra3 40. Kd3) 39... Bd2 {Black is clearly winning.} 40. Bb5 {Now Bc6 and White clings on.} Be3 41. Bc6 Bxb6 42. a8=Q Rxa8 43. Bxa8 {KB-KB} f5 44. Bc6 b3 {[%cal Bb4b3,Bb3b2][%mdl 32] ( -> ...b2)} 45. Ba4 b2 46. Bc2 Bc7 47. Ke2 e5 {[%cal Be6e5,Be5e4][%mdl 32]} 48. Kd3 e4+ 49. Kd4 {[#]} Be5+ $1 {[%mdl 512]} 50. Kxe5 e3 51. Bxf5+ Kg7 {Precision: White = 28%, Black = 70%.} 0-1

[Event "FIDE World Cup 2017"]
[Site "Tbilisi"]
[Date "2017.09.08"]
[Round "2.5"]
[White "Bluebaum, Matthias"]
[Black "So, Wesley"]
[Result "0-1"]
[WhiteElo "2633"]
[BlackElo "2792"]
[Annotator "TA"]
[PlyCount "98"]
[EventDate "2017.??.??"]
[EventType "k.o."]
[EventCountry "GEO"]
[SourceTitle "playchess.com"]
[Source "ChessBase"]
[SourceQuality "1"]

{[%evp 17,98,10,5,7,3,6,6,20,15,0,14,0,22,0,24,22,27,0,14,15,39,46,58,53,52,31,29,12,10,10,0,-31,-11,-50,-20,-14,-8,-31,-11,-60,-58,-42,-22,-55,-48,-29,-33,-31,-36,-30,-39,-68,-64,-257,-250,-245,-243,-231,-240,-222,-222,-308,-258,-354,-360,-490,-504,-606,-604,-537,-539,-514,-465,-652,-626,-639,-622,-779,-794,-788,-779,-808,-782]} 1. d4 Nf6 2. c4 e6 3. Nf3 d5 4. Nc3 Be7 5. Bg5 h6 6. Bxf6 Bxf6 7. e3 O-O 8. Qc2 c5 9. dxc5 dxc4 10. Bxc4 {next 0-0 is good for White. D55: Queen's Gambit Declined: 4 Bg5 Be7: Lines without ...h6 and 6...h6 7 Bxf6} Nd7 11. c6 bxc6 12. O-O {[%cal Bh1f1,Bf1d1,Bd1d2,Bd2c2][%mdl 32] The position is equal.} Rb8 13. Rac1 {[#]} Qa5 $146 ({Predecessor:} 13... c5 14. Rfd1 Qe7 15. b3 Bb7 16. Ne4 {½-½ (51) Anton Guijarro,D (2650)-Nakamura,H (2785) Caleta 2017}) 14. b3 c5 15. Ne4 Bb7 16. Rfd1 Rfd8 17. Rd2 Bxe4 18. Qxe4 Bc3 19. Rdc2 Nf6 20. Qf4 Bb4 21. Ne5 {Black must now prevent Nc6.} Qc7 22. Nd3 (22. h4 {seems wilder.} Bd2 23. Rf1 Ba5 24. g4 Qd6 25. g5) 22... Qxf4 23. Nxf4 Rd6 24. g3 Rbd8 25. a4 Ng4 26. Be2 Ne5 27. Kf1 Nc6 28. Bc4 g5 29. Nh5 Kf8 30. Nf6 Ke7 $36 {[%mdl 2048] Black is more active.} 31. Ne4 Rd1+ 32. Rxd1 Rxd1+ 33. Kg2 Na5 34. Be2 Rd8 35. Bc4 $2 ({White should play} 35. g4 $15) 35... f5 $19 36. Nc3 Nxc4 37. bxc4 {[%mdl 4096] Endgame [#] KRB-KRN} Rd3 $1 38. Ne2 Ra3 39. g4 fxg4 40. Ng3 Rxa4 41. Ne4 Ra1 {Black is clearly winning.} 42. f3 gxf3+ 43. Kxf3 a5 44. Kg4 Re1 45. Kh5 (45. Kf3 $142) 45... Rxe3 46. Ng3 Rc3 47. Re2 Rxc4 48. Kxh6 g4 49. Kg6 a4 {Precision: White = 23%, Black = 65%.} 0-1

[Event "FIDE World Cup 2017"]
[Site "Tbilisi"]
[Date "2017.09.08"]
[Round "2.6"]
[White "Aronian, Levon"]
[Black "Hou, Yifan"]
[Result "1-0"]
[WhiteElo "2802"]
[BlackElo "2670"]
[Annotator "TA"]
[PlyCount "103"]
[EventDate "2017.??.??"]
[EventType "k.o."]
[EventCountry "GEO"]
[SourceTitle "playchess.com"]
[Source "ChessBase"]
[SourceQuality "1"]

{[%evp 10,103,66,52,62,51,52,41,58,38,50,42,45,42,36,43,57,70,75,65,61,66,88,66,92,84,154,162,212,208,247,244,221,159,163,168,160,161,175,167,171,168,173,178,199,197,182,125,125,125,125,125,133,133,133,131,131,114,192,159,169,14,14,17,110,87,265,262,235,237,269,272,274,282,302,302,350,345,284,347,966,921,966,853,909,932,860,860,595,595,1200,584,4929,4598,4929,4656]} 1. d4 Nf6 2. Nf3 e6 3. c4 c5 4. e3 b6 5. Nc3 d6 6. Bd3 {LiveBook: 13 Games} g6 {E14: Queen's Indian: Classical Variation (4 e3)} (6... Be7 7. O-O O-O 8. Re1 Nbd7 9. d5 e5 10. e4 Re8 11. g3 Nf8 12. Nh4 Bh3 13. Nf5 Qd7 14. Bc2 {1-0 (30) Malaniuk,V (2462)-Pechac,J (2530) Ceske Budejovice 2015}) 7. d5 exd5 $146 ({Find the theoretical novelty and annotate with similar games:} 7... Bg7 8. h3 O-O 9. O-O a6 10. e4 Nbd7 11. a3 Rb8 12. Bg5 h6 13. Be3 exd5 14. cxd5 {1-0 (43) Ivanov,J (2420)-Le Roux,J (2275) Guingamp 2001}) 8. cxd5 Bg7 {White is slightly better.} 9. e4 a6 10. a4 Bg4 11. h3 Bxf3 $1 12. Qxf3 O-O 13. O-O Ne8 14. Bf4 $36 {[%mdl 2048] White is pushing.} Qe7 15. Qg3 h6 16. Rae1 Nd7 17. Bc1 g5 (17... Qe5 $142) 18. Nd1 $16 {[%cal Bc3d1,Bd1e3,Be3f5][%mdl 32]} Ne5 19. Ne3 Ng6 20. Nf5 Qe5 21. Qxe5 Nxe5 22. Be2 Ng6 23. g3 Kh7 24. Kg2 Bf6 25. h4 gxh4 26. Bxh6 Ng7 27. Bxg7 Bxg7 28. b3 ({White should try} 28. Nxd6 $18 {Threatens to win with Rh1.} hxg3 29. f4 (29. fxg3 Kg8 $18)) 28... hxg3 29. Kxg3 Bc3 30. Rd1 Rfe8 31. Bd3 $1 b5 32. axb5 axb5 33. f4 c4 (33... Red8 $16 34. Bxb5 Kg8) 34. bxc4 bxc4 35. Bxc4 $2 (35. Nxd6 $18 cxd3 36. Nxe8 Rxe8 37. Rxd3) 35... Rxe4 $11 36. Nxd6 Re3+ (36... Rxf4 $1 $11 {keeps the balance.} 37. Rxf4 Be5 38. Nxf7 (38. Rh1+ Kg7 $11) 38... Bxf4+ 39. Kg4 Ra4) 37. Rf3 Be1+ $2 (37... Rxf3+ $16 38. Kxf3 Ra4) 38. Kg4 $18 Rxf3 39. Kxf3 Ra3+ {[#]} 40. Bd3 $1 Kg7 {[#]} 41. Nc4 $1 {[%cal Rc4a3]} ({But not} 41. Rxe1 $6 Rxd3+ 42. Ke4 Rd2 $16) 41... Rb3 42. d6 ({Don't play} 42. Rxe1 $6 Rxd3+ 43. Ke4 Rc3 $18) 42... Bh4 43. Kg4 Bd8 44. Bxg6 Kxg6 $2 {[%mdl 4096] Endgame KRB-KRN} (44... fxg6 45. Ne5 Ra3) 45. Ne5+ {White is clearly winning.} Kg7 46. Nc6 Bf6 47. d7 Rb6 48. d8=Q Bxd8 49. Nxd8 ({And not} 49. Rxd8 Rxc6 50. Rb8 Rg6+ 51. Kf5 Rf6+ 52. Ke5 Re6+ 53. Kf5 Rf6+ 54. Kg4 Rg6+ 55. Kf3 Re6 $11) 49... Kf8 50. Rc1 Rb8 51. Nc6 Rc8 52. Rc4 {Precision: White = 66%, Black = 49%.} 1-0

[Event "FIDE World Cup 2017"]
[Site "Tbilisi"]
[Date "2017.09.08"]
[Round "2.6"]
[White "So, Wesley"]
[Black "Bluebaum, Matthias"]
[Result "1-0"]
[WhiteElo "2792"]
[BlackElo "2633"]
[Annotator "TA"]
[PlyCount "41"]
[EventDate "2017.??.??"]
[EventType "k.o."]
[EventCountry "GEO"]
[SourceTitle "playchess.com"]
[Source "ChessBase"]
[SourceQuality "1"]

{[%evp 11,41,13,20,0,0,0,0,-12,-12,-16,2,0,-2,-22,-22,-22,-22,-12,-15,-7,-4,0,0,-12,0,-35,19,0,111,106,478,474]} 1. e4 e6 2. d4 d5 3. exd5 exd5 4. Nf3 Bd6 5. Bd3 Nc6 6. O-O Nge7 7. Nc3 {C01: French: Exchange Variation} (7. Re1 O-O 8. c3 Bf5 9. Bg5 f6 10. Bh4 Bxd3 11. Qxd3 Qd7 12. Bg3 Nf5 13. Bxd6 Nxd6 14. Nbd2 Rfe8 15. Rxe8+ Rxe8 {½-½ (26) Ramirez,A (2579)-Cordova,E (2616) Merida 2014}) 7... a6 8. Re1 Nb4 $146 ({Predecessor:} 8... Be6 9. Ng5 Nxd4 10. Bxa6 Rxa6 11. Qxd4 O-O 12. Bf4 Nf5 13. Qd2 h6 14. Nf3 d4 {0-1 (37) Friedrich,W (2114)-Bajarani,U (2342) Kemer 2009}) 9. Bg5 {The position is equal.} f6 10. Bh4 Bg4 {[%cal Bc8g4,Bg4h5,Bh5g6][%mdl 32]} 11. h3 Bh5 12. a3 Nxd3 13. Qxd3 O-O 14. Bg3 Bxg3 15. fxg3 Qd6 16. g4 $36 {[%mdl 2048] White is pushing.} Bg6 17. Qd2 Rae8 18. Re3 h5 (18... Nc8 $15) 19. Nh4 $11 {[#] Black must now prevent Rxe7!} Qf4 (19... Bf7 $11 {remains equal.}) 20. Rae1 {And now Qd1 would win.} Qg5 $2 {[%mdl 8192]} (20... Bf7 $16) 21. Nf3 1-0

[Event "FIDE World Cup 2017"]
[Site "Tbilisi"]
[Date "2017.09.08"]
[Round "2.6"]
[White "Giri, Anish"]
[Black "Motylev, Alexander"]
[Result "1-0"]
[WhiteElo "2777"]
[BlackElo "2668"]
[Annotator "TA"]
[PlyCount "63"]
[EventDate "2017.??.??"]
[EventType "k.o."]
[EventCountry "GEO"]
[SourceTitle "playchess.com"]
[Source "ChessBase"]
[SourceQuality "1"]

{[%evp 21,63,0,0,7,28,16,19,0,33,26,52,68,73,0,53,55,53,39,45,-51,129,153,176,133,211,197,241,208,643,626,710,-282,667,699,641,556,541,313,331,256,1443,1395,29980,29981]} 1. d4 d5 2. c4 e6 3. Nc3 Bb4 4. a3 Bxc3+ 5. bxc3 Nf6 6. cxd5 exd5 7. e3 O-O 8. Bd3 Re8 9. Ne2 Nc6 10. O-O Na5 11. f3 c5 {LiveBook: 3 Games} 12. Ng3 {E24: Nimzo-Indian: Sämisch: Unusual Black 5th moves and 5...c5 sidelines} h5 13. Rb1 $146 ({Predecessor:} 13. Ra2 h4 14. Nh1 Bd7 15. Nf2 Bc6 16. Re2 Qb6 17. Rb2 Qc7 18. Re1 Rad8 19. Rbe2 Qb6 {1-0 (33) Lima,D (2488)-De Andrade,W (2232) Brasilia 1999}) 13... b6 14. Kh1 {The position is equal.} Qc7 15. Qe1 c4 16. Bc2 Nb3 {[#]} 17. Qf2 (17. h4 $1 $16) 17... Qe7 ({Black should try} 17... Rb8 $11) 18. Re1 $14 Nxc1 19. Rbxc1 Qxa3 20. h3 (20. e4 $1 $14) 20... Kf8 $2 {[#]} (20... Bb7 $15 {keeps the upper hand.}) 21. e4 $1 $16 h4 22. Nf1 dxe4 ({Not} 22... Qxc3 $2 23. Ba4) (22... b5 $16) 23. fxe4 $18 ({Don't play} 23. Qxh4 $6 Bb7) 23... Bb7 {[%cal Rb7e4]} 24. Qxh4 Bxe4 $2 (24... Rxe4 25. Bxe4 Bxe4 26. Qh8+ Ng8) 25. Ng3 ({And not} 25. Bxe4 Rxe4 26. Qh8+ Ng8 $15) 25... Bxc2 26. Qh8+ Ng8 27. Nh5 {[%csl Gh5][%cal Rh8g7]} Re4 28. Qxg7+ Ke7 29. Rxe4+ Bxe4 30. Re1 Qxc3 $2 (30... Kd7) 31. Rxe4+ Kd6 32. Qe5+ {Precision: White = 68%, Black = 12%.} 1-0

[Event "FIDE World Cup 2017"]
[Site "Tbilisi"]
[Date "2017.09.08"]
[Round "2.6"]
[White "Yu, Yangyi"]
[Black "Jobava, Baadur"]
[Result "0-1"]
[WhiteElo "2750"]
[BlackElo "2702"]
[Annotator "TA"]
[PlyCount "96"]
[EventDate "2017.??.??"]
[EventType "k.o."]
[EventCountry "GEO"]
[SourceTitle "playchess.com"]
[Source "ChessBase"]
[SourceQuality "1"]

{[%evp 16,96,19,18,16,22,27,1,10,4,6,4,4,4,13,0,0,0,49,0,8,0,0,0,0,0,38,-5,0,-3,0,0,0,-14,-12,-31,-36,-36,-55,-31,-33,-39,-33,-51,-39,-55,-34,-38,-34,-35,-34,-100,-33,-30,-37,-26,-14,-25,0,-103,-68,-43,0,0,0,0,0,0,0,-161,-171,-171,-171,-171,-137,-441,-433,-671,-649,-957,-799,-1422,-864]} 1. Nf3 Nf6 2. g3 g6 3. Bg2 Bg7 4. O-O O-O 5. d4 d5 6. c4 Nc6 7. cxd5 Nxd5 8. Nc3 e5 {D74: Fianchetto Grünfeld: Main Line (5 Nf3 0-0 6 cxd5 Nxd5 7 0-0)} (8... Nb6 9. e3 Bd7 10. b3 Qc8 11. Bb2 Bh3 12. Ne4 Bxg2 13. Kxg2 Rd8 14. Qe2 a5 15. a3 Rd5 16. Rac1 Rh5 17. h4 {½-½ (32) Lorparizangeneh,S (2515)-Artemiev,V (2692) St Petersburg 2017}) 9. Bg5 {LiveBook: 3 Games} Nxc3 10. bxc3 f6 {The position is equal.} 11. Qb3+ $146 ({Predecessor:} 11. Be3 e4 12. Nd2 f5 13. f3 exf3 14. Nxf3 Be6 15. Qd2 Na5 16. Bh6 Nc4 17. Qf4 Bd5 {½-½ (70) McNab,C (2435)-Kapnisis,S (2464) Dundee 2017}) 11... Kh8 12. Be3 e4 13. Nd2 f5 14. f3 exf3 15. Nxf3 Na5 $1 {[%cal Ra5b3]} 16. Qb4 Nc6 17. Qb3 Na5 18. Qa4 {[#] Hoping for Bg5.} Qe8 19. Qxe8 Rxe8 20. Bf4 c6 21. Ne5 (21. e4 $5) 21... Kg8 22. Rfb1 Bxe5 23. Bxe5 Be6 24. Kf2 b6 25. h4 (25. Re1 {keeps more tension.} Bd5 26. e4 fxe4 27. Bxe4 Rf8+ 28. Kg2) 25... Bd5 26. Bxd5+ cxd5 27. h5 Nc4 28. Bf4 Kf7 29. Rb5 Ke6 30. Kf3 a6 ({Much weaker is} 30... gxh5 $6 31. Rh1 $14) 31. Rb4 Rg8 $36 {[%mdl 2048] Black has the initiative.} 32. hxg6 hxg6 33. a4 (33. Rh1 $15) 33... Kd7 ({Black should play} 33... g5 $17 34. Bc7 Rh8 35. Rxc4 dxc4) 34. Rh1 $15 Rh8 35. Rbb1 Kc6 36. Rh4 a5 37. Bg5 (37. Kf2 $11 {keeps the balance.}) 37... Rxh4 38. gxh4 $17 {[%mdl 4096] Endgame KRB-KRN} Re8 (38... Rh8 $5 {[%cal Rh8h4]} 39. Rg1 b5 $11) 39. Bf4 $1 Re6 40. Kf2 Re4 41. e3 Re6 42. Ra1 $2 (42. Ke2 $11 {and White stays safe.}) 42... b5 $19 43. axb5+ Kxb5 44. Rb1+ Ka6 45. Rb8 $2 {[%mdl 8192]} (45. Ra1 $17 {is a better chance.}) 45... a4 {[%cal Ba5a4,Ba4a3][%mdl 32] Black is clearly winning.} 46. Ke2 (46. Bh6 $142 a3 47. Bf8) 46... a3 47. Kd3 {and the idea Kc2 leaves White hopeful.} Rb6 {[#] Strongly threatening ...Rxb8.} 48. Rd8 Rb7 {Precision: White = 44%, Black = 60%.} 0-1

[Event "FIDE World Cup 2017"]
[Site "Tbilisi"]
[Date "2017.09.08"]
[Round "2.6"]
[White "Matlakov, Maxim"]
[Black "Andreikin, Dmitry"]
[Result "0-1"]
[WhiteElo "2728"]
[BlackElo "2708"]
[Annotator "TA"]
[PlyCount "98"]
[EventDate "2017.??.??"]
[EventType "k.o."]
[EventCountry "GEO"]
[SourceTitle "playchess.com"]
[Source "ChessBase"]
[SourceQuality "1"]

{[%evp 18,98,57,52,49,54,53,15,20,8,44,50,53,50,63,54,66,36,56,45,63,66,63,42,142,124,128,60,60,60,60,61,64,46,52,29,72,36,53,0,116,116,116,85,88,77,118,77,76,0,115,0,93,93,107,68,107,68,82,0,71,79,119,57,54,39,45,0,0,0,0,0,0,0,0,0,0,-29985,-29986,-29995,-29996,-29996,-29997]} 1. d4 e6 2. c4 b6 3. e4 Bb7 4. Bd3 Nc6 5. Ne2 Nb4 6. Nbc3 {A40: Unusual replies to 1 d4} (6. O-O g6 7. Nbc3 Nxd3 8. Qxd3 Bg7 9. d5 d6 10. f4 Ne7 11. Be3 O-O 12. Nd4 e5 13. fxe5 dxe5 {½-½ (51) Najer,E (2658)-Nakamura,H (2816) Skopje 2015}) 6... Nxd3+ 7. Qxd3 Ne7 8. O-O d6 9. Be3 Qd7 10. d5 {LiveBook: 3 Games} Ng6 11. f4 Be7 12. Bd4 e5 $146 ({Predecessor:} 12... O-O 13. dxe6 fxe6 {½-½ (44) Dautov,R (2590)-Kengis,E (2585) Hockenheim 1997}) 13. fxe5 dxe5 14. Be3 O-O 15. Ng3 c6 16. Nf5 $36 {[%mdl 2048] White has good play.} Bb4 17. a3 Bxc3 $1 18. Qxc3 cxd5 19. exd5 Rac8 20. Rad1 b5 (20... Ne7 $14 21. Nxe7+ (21. Qxe5 Nxf5 22. Qxf5 Qxf5 $11) 21... Qxe7) 21. c5 $16 {aiming for c6.} Bxd5 22. Nd6 (22. Qd2 $1 $16 {[%cal Rd2d5]} Rcd8 23. Bh6 $1 {[%mdl 512]}) 22... Qc6 $14 23. Nxc8 Rxc8 24. Rf2 f6 25. Qd2 (25. Rfd2 $5 {[%cal Rd2d5]} Ne7 26. Rd3 $16) 25... Ne7 26. Qa5 Rc7 27. Rfd2 Rd7 28. b4 ({White should play} 28. Ra1 $14) 28... Kf7 {[#]} (28... Nf5 $11 29. Bf2 e4) 29. a4 $1 $16 {[%cal Ra4b5]} a6 30. axb5 axb5 31. Qb6 Ke6 32. Qb8 {Qe8 is the strong threat.} Kf7 33. Qb6 {Strongly threatening Qxc6.} Ke6 $1 34. Qb8 (34. g4 $16) 34... Nc8 (34... Kf7 $11 {remains equal.}) 35. h3 {[%cal Bh2h3,Bh3h4][%mdl 32]} h5 36. h4 Qa6 37. Kh2 Qc6 $1 38. Kg1 (38. Bf2 $16) 38... Rb7 (38... Qa6 $11 {keeps the balance.}) 39. Qa8 Rc7 40. Qxc6+ (40. Qa1 $16 Ne7 41. Bf2) 40... Bxc6 $14 41. Rd8 Ne7 42. R1d6+ Kf5 43. Rb8 Ra7 44. Rb6 Ra1+ 45. Kh2 Be4 46. Rxb5 Nd5 47. c6 $2 {[%mdl 8192]} (47. Ra5 $11 Rb1 48. Bf2) 47... Nxe3 {Black mates.} 48. c7 Ng4+ 49. Kh3 Kf4 {Precision: White = 34%, Black = 53%.} 0-1

[Event "FIDE World Cup 2017"]
[Site "Tbilisi"]
[Date "2017.09.08"]
[Round "2.6"]
[White "Ivanchuk, Vassily"]
[Black "Duda, Jan-Krzysztof"]
[Result "1-0"]
[WhiteElo "2727"]
[BlackElo "2698"]
[Annotator "TA"]
[PlyCount "57"]
[EventDate "2017.??.??"]
[EventType "k.o."]
[EventCountry "GEO"]
[SourceTitle "playchess.com"]
[Source "ChessBase"]
[SourceQuality "1"]

{[%evp 9,57,35,39,19,34,41,36,35,67,59,62,72,59,52,113,98,112,105,99,92,157,141,150,110,122,79,80,90,178,181,204,200,207,207,193,191,198,175,284,283,294,297,327,315,328,311,481,479,468,469]} 1. c4 Nf6 2. d4 c6 3. Bf4 Qb6 4. Qd2 d5 5. Nc3 Bf5 6. f3 {A50: Queen's Fianchetto Defence (1 d4 Nf6 2 c4 b6)} e6 7. g4 Bg6 8. h4 {[#] And now h5 would win.White is slightly better.} h5 9. g5 Nfd7 10. e3 Na6 $146 ({Find the theoretical novelty and annotate with similar games:} 10... Be7) 11. a3 Qa5 ({Black should play} 11... Be7 $14) 12. Rd1 Be7 13. Bg3 Rd8 14. c5 (14. Nh3 {looks sharper.} Nb6 15. c5 Nc4 16. Qc1 b5 17. cxb6 Qxb6 18. Bxc4 dxc4 19. Nf4) 14... b6 {[#]} ({Black should try} 14... O-O) 15. Nxd5 $1 $16 Qxd2+ 16. Kxd2 cxd5 17. Bxa6 {Hoping for c6.} bxc5 18. Bc7 cxd4 (18... Ra8 $16) 19. exd4 $18 Ra8 20. Bb7 O-O 21. Bxa8 Rxa8 22. Ne2 f6 23. gxf6 gxf6 (23... Bxf6 $142 24. Ke3 Bf7) 24. Rc1 Kf7 25. Rc6 Bf5 26. Ng3 Bg6 27. Re1 Rc8 (27... Nf8 {might work better.} 28. Bf4 a5) 28. Rexe6 Bf8 29. Bf4 {Precision: White = 90%, Black = 34%.} 1-0